000 00310nam a2200133Ia 4500
005 20251222155130.0
008 251222s9999||||xx |||||||||||||| ||spa||
082 _aGIN. 03
100 _aMONGRUT TEARRE
245 0 _aLa Exploración en Ginecología
250 _a1ra. ed.
264 _bNo tiene
942 _cLIB
999 _c38769
_d38769